<?xml version="1.0" encoding="UTF-8"?>
<collection xmlns="http://www.loc.gov/MARC21/slim">
 <record>
  <leader>01181pam a22002898a 4500</leader>
  <controlfield tag="001">00044455</controlfield>
  <controlfield tag="005">20190730080749.0</controlfield>
  <controlfield tag="008">170517s2009                  ||||||Viesd</controlfield>
  <datafield tag="020" ind1="#" ind2="#">
   <subfield code="c">54000đ</subfield>
  </datafield>
  <datafield tag="041" ind1="0" ind2="#">
   <subfield code="a">Vie</subfield>
  </datafield>
  <datafield tag="082" ind1="1" ind2="4">
   <subfield code="a">909.82</subfield>
   <subfield code="b">L302S</subfield>
  </datafield>
  <datafield tag="100" ind1="1" ind2="#">
   <subfield code="a">Nguyễn, Anh Thái</subfield>
  </datafield>
  <datafield tag="245" ind1="1" ind2="0">
   <subfield code="a">Lịch sử thế giới hiện đại 1917 - 1995</subfield>
   <subfield code="c">Nguyễn Anh Thái chủ biên...[và những người khác]</subfield>
  </datafield>
  <datafield tag="250" ind1="#" ind2="#">
   <subfield code="a">Tái bản lần thứ 8</subfield>
  </datafield>
  <datafield tag="260" ind1="#" ind2="#">
   <subfield code="a">Hà Nội</subfield>
   <subfield code="b">Giáo dục</subfield>
   <subfield code="c">2008</subfield>
  </datafield>
  <datafield tag="300" ind1="#" ind2="#">
   <subfield code="a">543 tr.</subfield>
   <subfield code="c">24 cm</subfield>
  </datafield>
  <datafield tag="653" ind1="#" ind2="#">
   <subfield code="a">Lịch sử</subfield>
  </datafield>
  <datafield tag="653" ind1="#" ind2="#">
   <subfield code="a">hiện đại</subfield>
  </datafield>
  <datafield tag="653" ind1="#" ind2="#">
   <subfield code="a">Thế giới</subfield>
  </datafield>
  <datafield tag="700" ind1="1" ind2="#">
   <subfield code="a">Nguyễn, Quốc Hùng</subfield>
  </datafield>
  <datafield tag="700" ind1="1" ind2="#">
   <subfield code="a">Trần, Thị Vinh</subfield>
  </datafield>
  <datafield tag="700" ind1="1" ind2="#">
   <subfield code="a">Vũ, Ngọc Hoàng</subfield>
  </datafield>
  <datafield tag="700" ind1="1" ind2="#">
   <subfield code="a">Đặng, Thanh Toán</subfield>
  </datafield>
  <datafield tag="700" ind1="1" ind2="#">
   <subfield code="a">Đỗ, Thanh Bình</subfield>
  </datafield>
  <datafield tag="852" ind1="#" ind2="#">
   <subfield code="j">KD.0026093</subfield>
   <subfield code="j">KM.0031016</subfield>
   <subfield code="j">KM.0031017</subfield>
   <subfield code="j">KM.0031018</subfield>
   <subfield code="j">KM.0031019</subfield>
   <subfield code="j">KM.0031020</subfield>
   <subfield code="j">KM.0031021</subfield>
   <subfield code="j">KM.0030894</subfield>
   <subfield code="j">KM.0030895</subfield>
   <subfield code="j">KM.0030896</subfield>
   <subfield code="j">KM.0030897</subfield>
   <subfield code="j">KM.0030898</subfield>
   <subfield code="j">KM.0030899</subfield>
   <subfield code="j">KM.0031041</subfield>
   <subfield code="j">KM.0031042</subfield>
   <subfield code="j">KM.0031043</subfield>
   <subfield code="j">KM.0031044</subfield>
   <subfield code="j">KM.0031045</subfield>
   <subfield code="j">KM.0031046</subfield>
  </datafield>
  <datafield tag="910" ind1="#" ind2="#">
   <subfield code="d">30/7/2019</subfield>
  </datafield>
  <datafield tag="980" ind1="#" ind2="#">
   <subfield code="a">Trung tâm Học liệu Lê Vũ Hùng, Trường Đại học Đồng Tháp</subfield>
  </datafield>
 </record>
</collection>
